<?xml version="1.0" encoding="UTF-8"?>
<record
    xmlns:xsi="http://www.w3.org/2001/XMLSchema-instance"
    xsi:schemaLocation="http://www.loc.gov/MARC21/slim http://www.loc.gov/standards/marcxml/schema/MARC21slim.xsd"
    xmlns="http://www.loc.gov/MARC21/slim">

  <leader>01673nam a22002537a 4500</leader>
  <controlfield tag="003">BJBSDDR</controlfield>
  <controlfield tag="005">20260512122508.0</controlfield>
  <controlfield tag="007">ta</controlfield>
  <controlfield tag="008">260512s2006    nyu||||| |||| 00| 0 eng d</controlfield>
  <datafield tag="020" ind1=" " ind2=" ">
    <subfield code="a">9780670038640</subfield>
  </datafield>
  <datafield tag="020" ind1=" " ind2=" ">
    <subfield code="a">0670038644</subfield>
  </datafield>
  <datafield tag="040" ind1=" " ind2=" ">
    <subfield code="b">spa</subfield>
    <subfield code="c">BJBSDDR</subfield>
  </datafield>
  <datafield tag="041" ind1=" " ind2=" ">
    <subfield code="a">eng</subfield>
  </datafield>
  <datafield tag="050" ind1=" " ind2=" ">
    <subfield code="b">Ad236  2006</subfield>
  </datafield>
  <datafield tag="100" ind1="1" ind2=" ">
    <subfield code="a">Adkins, Roy</subfield>
    <subfield code="9">48402</subfield>
  </datafield>
  <datafield tag="245" ind1=" " ind2=" ">
    <subfield code="a">The war for all the oceans : </subfield>
    <subfield code="b">from Nelson at the Nile to Napoleon at Waterloo / </subfield>
    <subfield code="c">Roy Adkins, Lesley Adkins</subfield>
  </datafield>
  <datafield tag="260" ind1=" " ind2=" ">
    <subfield code="a">New York : </subfield>
    <subfield code="b">Viking, </subfield>
    <subfield code="c">2006</subfield>
  </datafield>
  <datafield tag="300" ind1=" " ind2=" ">
    <subfield code="a">xxvi, 534 pages : </subfield>
    <subfield code="b">illustrations ; </subfield>
    <subfield code="c">24 cm</subfield>
  </datafield>
  <datafield tag="505" ind1=" " ind2=" ">
    <subfield code="a">
Gateway to India
Battle of the Nile
Siege of Acre
From Naples to Copenhagen
War and peace
Hot press
Invasion fleet
Turning point
In every sea
Conflict and commerce
The sea wolf
By land and sea
The grand expedition
Disaster
Prisoners and privateers
The hand of providence
Triumph and tragedy
The great mistake
Up the Chesapeake
Star-Spangled Banner
Swansong
The turn of fortune's wheel
</subfield>
  </datafield>
  <datafield tag="520" ind1=" " ind2=" ">
    <subfield code="a">An action-packed account of the sea battles of the Napoleonic War, a naval struggle that lasted from 1798 to 1815, beginning with Napoleon's seizing power and ending with the War of 1812. In this vivid and visceral account, the authors draw on eyewitness records to portray not only the battles but also the details of a sailor's life--shipwrecks, press-gangs, prostitutes, spies, and prisoners of war. This epic narrative history will appeal to fans of Patrick O'Brian and C.S. Forester, as well as all readers of military and social history.--From publisher description.</subfield>
  </datafield>
  <datafield tag="700" ind1="1" ind2=" ">
    <subfield code="a">Adkins, Lesley</subfield>
    <subfield code="9">48403</subfield>
  </datafield>
  <datafield tag="942" ind1=" " ind2=" ">
    <subfield code="2">lcc</subfield>
    <subfield code="n">0</subfield>
    <subfield code="c">BK</subfield>
  </datafield>
  <datafield tag="946" ind1=" " ind2=" ">
    <subfield code="i">cmc </subfield>
  </datafield>
  <datafield tag="999" ind1=" " ind2=" ">
    <subfield code="c">127060</subfield>
    <subfield code="d">127060</subfield>
  </datafield>
  <datafield tag="952" ind1=" " ind2=" ">
    <subfield code="0">0</subfield>
    <subfield code="1">0</subfield>
    <subfield code="2">lcc</subfield>
    <subfield code="4">0</subfield>
    <subfield code="7">0</subfield>
    <subfield code="8">APT</subfield>
    <subfield code="a">BJB</subfield>
    <subfield code="b">BJB</subfield>
    <subfield code="c">APT</subfield>
    <subfield code="d">2026-05-12</subfield>
    <subfield code="l">0</subfield>
    <subfield code="o">Ad236  2006</subfield>
    <subfield code="p">00000199791</subfield>
    <subfield code="r">2026-05-12 12:25:24</subfield>
    <subfield code="t">1</subfield>
    <subfield code="w">2026-05-12</subfield>
    <subfield code="y">BK</subfield>
  </datafield>
</record>
